Statistiken für Meister der Belgischen Pro League

Klicken Sie hier um das Quiz zu spielen!

Allgemein

  • Dieses Quiz wurde 128 mal gespielt
    (65 seit der letzten Aktualisierung)
  • Das Durchschnittsergebnis liegt bei 58 aus 121

Antwortstatistiken

JahrVerein% Korrekt
1946/47 | 1948/49 | 1949/50 | +31 othersRSC Anderlecht
85%
2014/15KAA Gent
74%
1998/99 | 2001/02 | 2010/11 | 2018/19KRC Genk
74%
1928/29 | 1930/31 | 1943/44 | +2 othersRoyal Antwerpen
60%
1919/20 | 1972/73 | 1975/76 | +15 othersFC Brügge
58%
1957/58 | 1960/61 | 1962/63 | +7 othersStandard Lüttich
47%
1910/11 | 1926/27 | 1929/30Cercle Brugge
35%
1903/04 | 1904/05 | 1905/06 | +8 othersRoyale Union Saint-Gilloise
34%
1942/43 | 1945/46 | 1947/48 | 1988/89KV Mechelen
23%
1911/12 | 1913/14 | 1920/21 | +2 othersDaring Club Molenbeek
8%
1931/32 | 1940/41 | 1941/42 | +2 othersLierse SK
8%
1978/79 | 1983/84KSK Beveren
5%
1921/22 | 1923/24 | 1924/25 | +4 othersBeerschot AC
3%
1974/75FC Brüssel
3%
1895/96 | 1897/98 | 1898/99 | +2 othersRFC Lüttich
3%
1896/97 | 1899/00 | 1900/01 | +3 othersRacing Club Bruxelles
0%

Verteilung der Resultate

Perzentil nach korrekt beantworteten Fragen

Anzahl Personen mit jedem Resultat

Ihre Resultats-Entwicklung

Sie haben dieses Quiz seit der letzten Aktualisierung nicht gespielt